[Event "Moravia-ch5 corr9697"]
[Site "Czech Republic"]
[Date "1996.??.??"]
[Round "?"]
[White "Makovsky, Petr"]
[Black "Nedomansky, Leopold"]
[Result "1/2-1/2"]
[WhiteElo "2203"]
[BlackElo "2070"]
[PlyCount "50"]
[EventDate "1996.??.??"]
[EventType "tourn (corr)"]
[EventRounds "14"]
[EventCountry "CZE"]
[SourceTitle "Corr 2002"]
[Source "ChessBase"]
[SourceDate "2002.05.23"]
[SourceVersion "1"]
[SourceVersionDate "2002.05.23"]
[SourceQuality "1"]

1. e4 c5 2. Nf3 Nc6 3. d4 cxd4 4. Nxd4 Nf6 5. Nc3 e5 6. Ndb5 d6 7. Bg5 a6 8. Na3 b5 9. Nd5 Be7 10. Bxf6 Bxf6 11. c3 0-0 12. Nc2 Rb8 13. Be2 Bg5 14. 0-0 a5 15. Qd3 Ne7 16. Nxe7+ Bxe7 17. Ne3 Be6 18. b4 Qc7 19. a4 axb4 20. cxb4 bxa4 21. Rxa4 d5 22. Nxd5 Bxd5 23. exd5 Rxb4 24. Rxb4 Bxb4 25. Qb5 Bd6 1/2-1/2

[Event "Moravia-ch5 corr9697"]
[Site "Czech Republic"]
[Date "1996.??.??"]
[Round "?"]
[White "Ruda, Jaroslav"]
[Black "Nedomansky, Leopold"]
[Result "1/2-1/2"]
[WhiteElo "2245"]
[BlackElo "2070"]
[PlyCount "51"]
[EventDate "1996.??.??"]
[EventType "tourn (corr)"]
[EventRounds "14"]
[EventCountry "CZE"]
[SourceTitle "Corr 2002"]
[Source "ChessBase"]
[SourceDate "2002.05.23"]
[SourceVersion "1"]
[SourceVersionDate "2002.05.23"]
[SourceQuality "1"]

1. d4 Nf6 2. Nf3 e6 3. Bf4 c5 4. e3 Qb6 5. Nc3 d5 6. Nb5 Na6 7. a4 c4 8. b3 cxb3 9. c3 Nh5 10. Bg5 f6 11. Bh4 Nb8 12. Nd2 g6 13. Qxb3 a6 14. Na3 Qxb3 15. Nxb3 Be7 16. Be2 Ng7 17. 0-0 Bd7 18. Nc2 Nf5 19. Bg3 0-0 20. Nd2 Nxg3 21. hxg3 Nc6 22. Rfb1 Na5 23. c4 Kg7 24. cxd5 exd5 25. Nb4 Be6 26. Nd3 1/2-1/2

[Event "Moravia-ch5 corr9697"]
[Site "Czech Republic"]
[Date "1996.??.??"]
[Round "?"]
[White "Szabo, Frantisek"]
[Black "Nedomansky, Leopold"]
[Result "0-1"]
[WhiteElo "2100"]
[BlackElo "2070"]
[PlyCount "38"]
[EventDate "1996.??.??"]
[EventType "tourn (corr)"]
[EventRounds "14"]
[EventCountry "CZE"]
[SourceTitle "Corr 2002"]
[Source "ChessBase"]
[SourceDate "2002.05.23"]
[SourceVersion "1"]
[SourceVersionDate "2002.05.23"]
[SourceQuality "1"]

1. d4 Nf6 2. c4 c5 3. d5 b5 4. cxb5 a6 5. Nc3 axb5 6. e4 b4 7. Nb5 d6 8. Bf4 g5 9. Bxg5 Nxe4 10. Bf4 Bg7 11. Qe2 Nf6 12. Nxd6+ Kf8 13. Nxc8 Qxc8 14. d6 exd6 15. Bxd6+ Kg8 16. Nf3 Qc6 17. 0-0-0 Rxa2 18. Bf4 Nd5 19. Qc4 Bxb2+ 0-1